000 00314nam a22001217a 4500
008 181127b xxu||||| |||| 00| 0 eng d
041 _aeng
080 _a043.3
100 _a0
101 _aBTH-MBE
245 _aNdikimi i investimeve në produktin e brendshëm bruto- GDP në Kosovë
_cOsmani,H
942 _2udc
_cBK
999 _c52579
_d52579